000 00560nam a2200205Ia 4500
003 OSt
005 20250809171626.0
008 210423s2003 xx 000 0 und d
040 _cAL
041 _aEnglish
082 _a320.5
_bCHAF
100 _aSauvik Ckakraverti
_9117875
245 _aFree your mind
_b: a beginners guide to political economy
260 _bCentr for social action
_c2003
365 _b100
_cINR
650 _aPolitical Ideologies
_9117876
650 _aPolitical Science
_9117877
906 _aFree ; mind ; your
942 _2ddc
_cBK
999 _c173699
_d173699